000 00768nab a2200241 u 4500
001 11684
003 HDC
007 cr bn ---aaaaa
008 210207b2015mmddmy d||no |||| 00| 0 eng d
040 _aHDC
245 0 _aApply For Halmas Status, Halal Park Operators Urged /
_cBernama
260 _aMalaysia:
_bBERNAMA,
_c2015
300 _a1 online resource
336 _atext
_2rdacontent
337 _acomputer
_2rdamedia
338 _aonline resource
_2rdacarrier
650 _aParks
_xManagement
_912028
710 _aBernama
856 _zRequest full-text at [email protected]
942 _2lcc
942 _cNEWS
942 _kNWSO 000680
999 _c9007
_d9007